Countries with the Worst Road Quality - Statistics

General Stats
  • This quiz has been taken 43 times
  • The average score is 4 of 10
Answer Stats
Quality Countries % Correct
1.90 Chad
75%
2.10 Democratic Republic of the Congo
73%
2.20 Angola
40%
2.00 Mauritania
40%
2.10 Yemen
38%
2.40 Cameroon
33%
2.00 Madagascar
33%
2.40 Mozambique
33%
2.10 Haiti
20%
2.40 Guatemala
10%
No matching quizzes found
Score Distribution
Percent of People with Each Score
Percentile by Number Answered
Your Score History
You have not taken this quiz